| 000 | 00357nam a2200157Ia 4500 | ||
|---|---|---|---|
| 008 | 210210b1933 xxu||||| |||| 00| 0 eng d | ||
| 041 | _aeng | ||
| 082 | _a829/1206 | ||
| 100 | _aWARD (Mrs W) | ||
| 245 | _aThree novels | ||
| 260 |
_aLondon _bSheed and Ward _c1933 |
||
| 650 | _aThree | ||
| 650 | _anovels | ||
| 690 | _aEnglish Fiction | ||
| 906 | _a017817 | ||
| 999 |
_c137801 _d137801 |
||